Provincias de Argentina (Siluetas) - Estadísticas

Estadísticas generales
  • Esta prueba ha sido intentada 76 veces
  • La puntuación promedio es 19 de 23
Estadísticas de respuestas
Imagen Respuesta % Correcto
Tierra del Fuego
98%
Formosa
97%
Santa Fe
95%
Neuquén
90%
Salta
90%
Buenos Aires
88%
Chaco
88%
La Pampa
88%
Tucumán
86%
Chubut
83%
Jujuy
83%
Mendoza
83%
Misiones
80%
San Luis
80%
Córdoba
76%
Santa Cruz
76%
Corrientes
73%
Entre Ríos
73%
Catamarca
69%
Río Negro
69%
La Rioja
68%
Santiago del Estero
66%
San Juan
64%
No se encontraron pruebas coincidentes
Distribución de puntuación
Porcentaje de gente con cada puntuación
Porcentaje por número respondido
Historial de tus puntuaciones
No has intentado esta prueba.